000 00398nam a2200193Ia 4500
003 IT-RoPAU
008 120407s9999 xx 000 0 und d
040 _aIT-RoPAU
040 _cIT-RoPAU
041 _aita
100 _aAlfredo Oriani
245 _aGli eroi, gli eventi, le idee.
260 _aCappelli
260 _c1938
300 _c cm
490 _v1
942 _cBK
999 _c13862
_d13862